Central Library OPAC University of Rajshahi

What Happens in Hospital / (Record no. 4818)

MARC details
000 -LEADER
fixed length control field 00553nam a22002057a 4500
001 - CONTROL NUMBER
control field 4818
003 - CONTROL NUMBER IDENTIFIER
rucl marc code BD-RjUL
005 - DATE AND TIME OF LATEST TRANSACTION
control field 20211208233948.0
008 - FIXED-LENGTH DATA ELEMENTS--GENERAL INFORMATION
fixed length control field 131223s1963 un c|||| |||| 00| 0 eng d
035 ## - SYSTEM CONTROL NUMBER
System control number (BD-RjUL)4853
040 ## - CATALOGING SOURCE
Original cataloging agency BD-RjUL
Language of cataloging eng
Transcribing agency BD-RjUL
041 ## - LANGUAGE CODE
Language code of text/sound track or separate title eng
082 04 - DEWEY DECIMAL CLASSIFICATION NUMBER
Classification number 362.7811
Author mark and year RAW
100 1# - MAIN ENTRY--PERSONAL NAME
Personal name Rayner,Claire SRN
9 (RLIN) 15204
245 1# - TITLE STATEMENT
Title What Happens in Hospital /
Statement of responsibility, etc. Rayner,Claire SRN
260 ## - PUBLICATION, DISTRIBUTION, ETC. (IMPRINT)
Place of publication, distribution, etc. London :
Name of publisher, distributor, etc. Rupert Hart-Davis.
Date of publication, distribution, etc. 1963
300 ## - PHYSICAL DESCRIPTION
Pagination 131p. ;
Size 18cm.
650 07 - SUBJECT ADDED ENTRY--TOPICAL TERM
Topical term or geographic name as entry element Children -- Hospital care -
9 (RLIN) 15205
942 ## - ADDED ENTRY ELEMENTS (KOHA)
Source of classification or shelving scheme Dewey Decimal Classification
Koha item type Books
Holdings
Lost status Source of classification or shelving scheme Damaged status Not for loan Collection code Permanent Location Current Location Shelving location Date acquired Source of acquisition Cost, normal purchase price Total Checkouts Full call number Date last seen Copy number Koha item type
  Dewey Decimal Classification     Non-fiction Central Library, University of Rajshahi Central Library, University of Rajshahi   09/03/1966 Zeittinger 0.00   362.7811 RAW 1963 23/12/2013 C-2 Books
  Dewey Decimal Classification     Non-fiction Central Library, University of Rajshahi Central Library, University of Rajshahi   09/03/1966 Zeitlinger     362.7811 RAW 28/08/2016 C-3 Books